Skład Piasta Gliwice 2025/26 - Statystyki

Ogólne statystyki
  • Ten quiz został rozwiązany 63 razy
  • Średni wynik to 12 z 22
Statystyki odpowiedzi
Kraj Zawodnik % Poprawnych
Słowacja Frantisek Plach
94%
Polska Jakub Czerwiński
94%
Hiszpania Jorge Felix
85%
Polska Michał Chrapek
83%
Polska Patryk Dziczek
79%
Polska Igor Drapiński
64%
Polska Grzegorz Tomasiewicz
62%
Ghana, USA Emmanuel Twumasi
60%
Polska Karol Szymański
60%
Francja Quentin Boisgard
60%
Słowacja Erik Jirka
55%
Polska Jakub Lewicki
51%
Cypr Andreas Katsantonis
49%
Hiszpania Adrian Dalmau
47%
Polska, Anglia Levis Pitan
45%
Polska Tomasz Mokwa
45%
Polska Szczepan Mucha
40%
Polska Oskar Leśniak
38%
Polska Dawid Rychta
36%
Polska Filip Borowski
34%
Polska Mateusz Kopczyński
23%
Polska Justin Daniel
13%
Nie znaleziono quizów pasujących do podanych kryteriów
Rozkład punktacji
Procent ludzi z każdym wynikiem
Percentyl według liczby udzielonych odpowiedzi
Twoja historia wyników
Nie rozwiązałeś tego quizu